01297nam a22002417a 450000500170000000800410001702000150005804000070007304100080008008200220008810000370011024500530014726000450020030000280024552005940027365000350086765000230090265000290092565000160095465000400097070000240101070000210103420250807100722.0220124b ||||| |||| 00| 0 eng d a0771069790 cAL aeng 223a971.064bTRUA aPierre Elliot Trudeau and others aAgainst the Current: Selected Writings 1930-1996 aTorontobMcClelland & Stewart Inc.c1996 ax,340 p.bHBc24x17 cm. aGerard Pelletier has brought together a wide variety of excerpts and articles to make up this collection. It includes representative pieces from Trudeau's youth, selections from previously published books and journals, as well as speeches, interviews, letters written to newspapers, and classic essays from his time as a founding contributor to the magazine Cite libre. From beginning to end, whether writing about Utopia or the constitutional compromises wrought by his political opponents, Trudeau demonstrates that he has had no equal, counterpart, or successor in Canadian public life. aCanada Government and Politics aStudies and Travel aEarly Political Writings aNationalism aEinstein and Ralston Prize Lectures aPelletier Gerard Ed aTombs, George Tr